[Event "Wroclaw Anderssen Memorial op-B"]
[Site "Wroclaw"]
[Date "2023.??.??"]
[Round "2"]
[White "Pietryk, Joanna"]
[Black "Kowalczyk, Wojciech"]
[Result "1/2-1/2"]
[WhiteElo "1674"]
[BlackElo "1820"]
[PlyCount "108"]
[EventDate "2023.08.06"]
[EventType "swiss"]
[EventRounds "9"]
[EventCountry "POL"]
[SourceTitle "EXT 2024"]
[Source "ChessBase"]
[SourceDate "2023.10.10"]
[SourceVersion "1"]
[SourceVersionDate "2023.10.10"]
[SourceQuality "1"]

1. d4 Nf6 2. c4 g6 3. Nc3 Bg7 4. e4 d6 5. Nf3 0-0 6. h3 Na6 7. Be2 e5 8. d5 Nh5 9. g3 f5 10. exf5 gxf5 11. Bg5 Nf6 12. Qc2 Qe8 13. Nh4 Nb4 14. Qb3 a5 15. Nb5 Na6 16. 0-0-0 Ne4 17. Be3 Qf7 18. Rhg1 Bd7 19. f3 Nec5 20. Qc2 Kh8 21. g4 f4 22. Bd2 Nb4 23. Bxb4 axb4 24. Qb1 Bxb5 25. cxb5 Ra5 26. Bc4 Rfa8 27. Qf5 Qe7 28. Qh5 Kg8 29. Nf5 Qf6 30. Qh4 Qxh4 31. Nxh4 e4 32. fxe4 b3 33. axb3 Ra1+ 34. Kc2 R1a2 35. Rb1 Nxe4 36. Nf5 Be5 37. Rge1 Ng3 38. Nxg3 fxg3 39. Rxe5 dxe5 40. d6+ Kf8 41. dxc7 b6 42. Be6 R2a7 43. c8Q+ Rxc8+ 44. Bxc8 Rc7+ 45. Kd3 Rxc8 46. Rg1 Rc5 47. b4 e4+ 48. Kxe4 Rxb5 49. Kd3 Rxb4 50. Kc3 Rf4 51. Rxg3 Ke7 52. b3 Ke6 53. Kd2 Kd5 54. Rc3 Ke5 1/2-1/2

[Event "Polanica Zdroj op-B 58th"]
[Site "Polanica Zdroj"]
[Date "2022.08.21"]
[Round "9"]
[White "Penza, Denis"]
[Black "Kowalczyk, Wojciech"]
[Result "1/2-1/2"]
[WhiteElo "1836"]
[BlackElo "1835"]
[PlyCount "28"]
[EventDate "2022.08.13"]
[EventType "swiss"]
[EventRounds "9"]
[EventCountry "POL"]
[SourceTitle "CBM 210 Extra"]
[Source "ChessBase"]
[SourceDate "2022.11.30"]
[SourceVersion "1"]
[SourceVersionDate "2022.11.30"]
[SourceQuality "1"]

1. d4 Nf6 2. c4 g6 3. Nc3 Bg7 4. e4 d6 5. Be2 0-0 6. Bg5 c5 7. d5 h6 8. Bf4 e6 9. dxe6 Bxe6 10. Bxd6 Re8 11. Nf3 Qb6 12. Bxb8 Raxb8 13. Qc2 Nh5 14. g3 Bh3 1/2-1/2

[Event "Polanica Zdroj op-B 58th"]
[Site "Polanica Zdroj"]
[Date "2022.08.20"]
[Round "8"]
[White "Kowalczyk, Wojciech"]
[Black "Szydelko, Michal"]
[Result "1-0"]
[WhiteElo "1835"]
[BlackElo "1833"]
[PlyCount "96"]
[EventDate "2022.08.13"]
[EventType "swiss"]
[EventRounds "9"]
[EventCountry "POL"]
[SourceTitle "CBM 210 Extra"]
[Source "ChessBase"]
[SourceDate "2022.11.30"]
[SourceVersion "1"]
[SourceVersionDate "2022.11.30"]
[SourceQuality "1"]

1. e4 e5 2. Bc4 Nf6 3. d3 Nc6 4. Nc3 Bb4 5. Nge2 d5 6. exd5 Nxd5 7. 0-0 Nxc3 8. Nxc3 0-0 9. Qh5 Bxc3 10. bxc3 Qf6 11. Rb1 Qg6 12. Qxg6 hxg6 13. f4 Na5 14. Bd5 c6 15. Bf3 exf4 16. Ba3 Bd7 17. Bxf8 Kxf8 18. Bd1 g5 19. h4 gxh4 20. Rxf4 g5 21. Rd4 Be6 22. Bg4 Bxg4 23. Rxg4 f6 24. Rf1 Kg7 25. Re4 Kg6 26. Re7 Rf8 27. Rfe1 Rd8 28. R1e6 Rd5 29. c4 Rd4 30. Re4 Rd6 31. R4e6 Rxe6 32. Rxe6 Kf7 33. Rd6 c5 34. Rd5 Ke6 35. Rxc5 Nc6 36. Kf2 f5 37. Rb5 b6 38. c5 bxc5 39. Rxc5 Nb4 40. a3 Nd5 41. Ra5 Nf4 42. Rxa7 h3 43. gxh3 Nxh3+ 44. Kg3 g4 45. a4 Ng1 46. Rg7 Ne2+ 47. Kf2 Nd4 48. a5 Kd5 1-0

[Event "Wroclaw op-A"]
[Site "Wroclaw"]
[Date "2022.07.31"]
[Round "1"]
[White "Den Boer, Lennard"]
[Black "Kowalczyk, Wojciech"]
[Result "1-0"]
[WhiteElo "2148"]
[BlackElo "1835"]
[PlyCount "51"]
[EventDate "2022.07.31"]
[EventType "swiss"]
[EventRounds "9"]
[EventCountry "POL"]
[SourceTitle "CBM 209 Extra"]
[Source "ChessBase"]
[SourceDate "2022.09.30"]
[SourceVersion "1"]
[SourceVersionDate "2022.09.30"]
[SourceQuality "1"]

1. e4 c5 2. c3 d5 3. exd5 Qxd5 4. d4 Nc6 5. Nf3 Bg4 6. dxc5 Qxd1+ 7. Kxd1 e5 8. b4 a5 9. Bb5 Nge7 10. a3 Nd5 11. Re1 0-0-0 12. Kc2 axb4 13. Bxc6 b3+ 14. Kxb3 bxc6 15. Nxe5 Be6 16. c4 Nc7 17. Be3 f6 18. Nxc6 Rd3+ 19. Nc3 Na6 20. Nb4 Rxe3 21. Rxe3 Nxc5+ 22. Kb2 Bxc4 23. Rd1 Kc7 24. Re8 Bf7 25. Ra8 Kb7 26. Rdd8 1-0

[Event "POL-chT 2nd League"]
[Site "Sypniewo"]
[Date "2021.09.05"]
[Round "2.9"]
[White "Kowalczyk, Wojciech"]
[Black "Powalka, Michal"]
[Result "0-1"]
[WhiteElo "1893"]
[BlackElo "1970"]
[PlyCount "54"]
[EventDate "2021.09.04"]
[EventType "team-swiss"]
[EventRounds "9"]
[EventCountry "POL"]
[SourceTitle "CBM 204 Extra"]
[Source "ChessBase"]
[SourceDate "2021.11.30"]
[SourceVersion "1"]
[SourceVersionDate "2021.11.30"]
[SourceQuality "1"]
[WhiteTeam "Wroclaw Hetman"]
[BlackTeam "Bialoleka Sparta"]
[WhiteTeamCountry "POL"]
[BlackTeamCountry "POL"]

1. e4 e5 2. Nf3 Nc6 3. Nc3 g6 4. d4 exd4 5. Nxd4 Bg7 6. Be3 Nge7 7. Qd2 d6 8. 0-0-0 Bd7 9. h4 h5 10. Kb1 a6 11. Nxc6 Nxc6 12. Bg5 f6 13. Be3 Be6 14. Nd5 Qd7 15. Qc3 0-0-0 16. Qa3 Qf7 17. Qa4 Ne5 18. f4 Ng4 19. Bg1 f5 20. Nb4 Bc4 21. exf5 gxf5 22. Bd4 Bxf1 23. Bxg7 Bb5 24. Qb3 Qxg7 25. a4 Bd7 26. Rhe1 Rhe8 27. Qd3 Nf2 0-1

[Event "Rubinstein Memorial op-A 57th"]
[Site "Polanica Zdroj"]
[Date "2021.08.18"]
[Round "5"]
[White "Kowalczyk, Wojciech"]
[Black "Bugalski, Michal"]
[Result "1-0"]
[WhiteElo "1959"]
[BlackElo "2225"]
[PlyCount "57"]
[EventDate "2021.08.14"]
[EventType "swiss"]
[EventRounds "9"]
[EventCountry "POL"]
[SourceTitle "CBM 203 Extra"]
[Source "ChessBase"]
[SourceDate "2021.09.30"]
[SourceVersion "1"]
[SourceVersionDate "2021.09.30"]
[SourceQuality "1"]

1. e4 e6 2. d4 d5 3. Nd2 Nf6 4. e5 Nfd7 5. f4 c5 6. c3 Nc6 7. Ndf3 cxd4 8. cxd4 Qb6 9. g3 Bb4+ 10. Kf2 f6 11. Kg2 g5 12. exf6 g4 13. f7+ Kf8 14. Ng5 Nf6 15. h3 Qxd4 16. Qe2 Bc5 17. hxg4 Nxg4 18. N1f3 Qf2+ 19. Qxf2 Nxf2 20. b4 Nxb4 21. Bb2 Nxh1 22. Bxh8 h6 23. Ne5 hxg5 24. fxg5 Nc6 25. g6 Nxe5 26. Bxe5 Nf2 27. Be2 Nd3 28. Bxd3 Bd7 29. Rf1 1-0

[Event "Wroclaw op-A"]
[Site "Wroclaw"]
[Date "2021.08.06"]
[Round "7"]
[White "Lambrecht, Tomasz"]
[Black "Kowalczyk, Wojciech"]
[Result "0-1"]
[WhiteElo "1769"]
[BlackElo "1959"]
[PlyCount "74"]
[EventDate "2021.08.01"]
[EventType "swiss"]
[EventRounds "9"]
[EventCountry "POL"]
[SourceTitle "CBM 203 Extra"]
[Source "ChessBase"]
[SourceDate "2021.09.30"]
[SourceVersion "1"]
[SourceVersionDate "2021.09.30"]
[SourceQuality "1"]

1. d4 Nf6 2. c4 d6 3. Nf3 g6 4. Nc3 Bg7 5. e4 0-0 6. Be2 e5 7. Be3 Nc6 8. d5 Ne7 9. Nd2 Ne8 10. f3 f5 11. c5 f4 12. Bf2 Kh8 13. Nc4 Ng8 14. Qb3 Rf7 15. 0-0-0 Ngf6 16. Qa3 Bf8 17. cxd6 Bxd6 18. Qb3 Nd7 19. Kb1 Qf6 20. Nxd6 cxd6 21. Rc1 b6 22. Qa3 a5 23. Na4 Qd8 24. Bb5 Rb8 25. Qc3 Nc5 26. Nxc5 bxc5 27. Bxe8 Qxe8 28. Qxa5 Rfb7 29. Rc2 Bd7 30. Be1 Ba4 31. Rf2 Bb5 32. Qc3 Ra8 33. Bd2 Rba7 34. a3 Ra4 35. Bc1 Qb8 36. Rd1 Rxa3 37. bxa3 Bd3+ 0-1

[Event "Wroclaw op-A"]
[Site "Wroclaw"]
[Date "2021.08.01"]
[Round "2"]
[White "Kowalczyk, Wojciech"]
[Black "Borowski, Przemyslaw"]
[Result "0-1"]
[WhiteElo "1959"]
[BlackElo "1859"]
[PlyCount "116"]
[EventDate "2021.08.01"]
[EventType "swiss"]
[EventRounds "9"]
[EventCountry "POL"]
[SourceTitle "CBM 203 Extra"]
[Source "ChessBase"]
[SourceDate "2021.09.30"]
[SourceVersion "1"]
[SourceVersionDate "2021.09.30"]
[SourceQuality "1"]

1. e4 c6 2. Nc3 d5 3. Nf3 Bg4 4. h3 Bxf3 5. Qxf3 e6 6. Be2 Nf6 7. 0-0 Nbd7 8. d4 dxe4 9. Nxe4 Nxe4 10. Qxe4 Nf6 11. Qd3 Be7 12. c4 0-0 13. Bf4 Qb6 14. Be3 Qc7 15. Bf3 Rfd8 16. Rfd1 Rd7 17. Qc3 Rad8 18. b4 Ne8 19. Rd2 Bf6 20. Rad1 Nd6 21. Bf4 Qc8 22. Be5 Nxc4 23. Qxc4 Bxe5 24. Qc5 Bd6 25. Qc4 Qc7 26. b5 cxb5 27. Qxb5 a6 28. Qb3 b5 29. d5 Bf4 30. Rd3 e5 31. Rc3 Qa5 32. d6 Rxd6 33. Rxd6 Rxd6 34. g3 Bg5 35. Bd5 Rd7 36. Bxf7+ Rxf7 37. Rc8+ Bd8 38. Qd5 Qe1+ 39. Kg2 Qxf2+ 40. Kh1 Qf3+ 41. Qxf3 Rxf3 42. Rxd8+ Kf7 43. Rd7+ Kg6 44. Rd6+ Rf6 45. Rd7 h5 46. Re7 Kf5 47. Rxg7 Ke4 48. g4 hxg4 49. Rxg4+ Kd3 50. Rg3+ Kd4 51. Rb3 e4 52. Rb4+ Kd3 53. Rb3+ Ke2 54. a4 bxa4 55. Ra3 e3 56. Rxa4 Kf2 57. Rg4 e2 58. Rg2+ Ke3 0-1

[Event "Rubinstein Memorial 56th"]
[Site "Polanica Zdroj"]
[Date "2020.08.19"]
[Round "5"]
[White "Kowalczyk, Wojciech"]
[Black "Hertlein, Irena"]
[Result "1-0"]
[WhiteElo "1873"]
[BlackElo "1905"]
[PlyCount "71"]
[EventDate "2020.08.15"]
[EventType "swiss"]
[EventRounds "9"]
[EventCountry "POL"]
[SourceTitle "CBM 197 Extra"]
[Source "ChessBase"]
[SourceDate "2020.09.30"]
[SourceVersion "1"]
[SourceVersionDate "2020.09.30"]
[SourceQuality "1"]

1. e4 c5 2. Nc3 Nc6 3. Bb5 g6 4. Bxc6 dxc6 5. Nge2 Bg7 6. 0-0 e5 7. d3 Ne7 8. Be3 b6 9. Qd2 0-0 10. Ng3 Be6 11. b3 Qd7 12. Rad1 Rad8 13. a4 a5 14. Nb1 f6 15. Na3 g5 16. Nc4 Qc7 17. Qe1 Ng6 18. f3 Nf4 19. Bxf4 gxf4 20. Nf5 Bxf5 21. exf5 Kh8 22. g3 fxg3 23. hxg3 Rg8 24. Qe3 Bf8 25. Kf2 b5 26. Nd2 Rg5 27. Ne4 Rxf5 28. g4 Rf4 29. Rh1 Rd7 30. Nxc5 Bxc5 31. Qxc5 Qa7 32. Qxa7 Rxa7 33. axb5 cxb5 34. Ra1 Rd4 35. Ke3 Kg7 36. c4 1-0

[Event "Rubinstein Memorial 56th"]
[Site "Polanica Zdroj"]
[Date "2020.08.15"]
[Round "1"]
[White "Jaskolka, Tomasz"]
[Black "Kowalczyk, Wojciech"]
[Result "1-0"]
[WhiteElo "2196"]
[BlackElo "1873"]
[PlyCount "61"]
[EventDate "2020.08.15"]
[EventType "swiss"]
[EventRounds "9"]
[EventCountry "POL"]
[SourceTitle "CBM 197 Extra"]
[Source "ChessBase"]
[SourceDate "2020.09.30"]
[SourceVersion "1"]
[SourceVersionDate "2020.09.30"]
[SourceQuality "1"]

1. d4 Nf6 2. Bf4 d6 3. Nc3 g6 4. e4 Bg7 5. Qd2 0-0 6. 0-0-0 c6 7. Bh6 b5 8. f3 a5 9. h4 a4 10. h5 b4 11. Nb1 Qa5 12. hxg6 fxg6 13. e5 dxe5 14. Bc4+ e6 15. Bxg7 Kxg7 16. Qh6+ Kg8 17. Nh3 Ra7 18. Ng5 Re7 19. Rde1 Qc7 20. Rxe5 Nd5 21. Rhe1 Rf6 22. Nd2 Rf5 23. f4 Rxe5 24. fxe5 Ba6 25. Bxa6 Nxa6 26. Nde4 c5 27. Rf1 Qd8 28. Nxh7 Rg7 29. Nhf6+ Nxf6 30. Nxf6+ Kf7 31. Nh5+ 1-0

[Event "Wroclaw op"]
[Site "Wroclaw"]
[Date "2020.08.08"]
[Round "9"]
[White "Szczesniak, Konrad"]
[Black "Kowalczyk, Wojciech"]
[Result "1-0"]
[WhiteElo "2033"]
[BlackElo "1873"]
[PlyCount "85"]
[EventDate "2020.08.01"]
[EventType "swiss"]
[EventRounds "9"]
[EventCountry "POL"]
[SourceTitle "CBM 197 Extra"]
[Source "ChessBase"]
[SourceDate "2020.09.30"]
[SourceVersion "1"]
[SourceVersionDate "2020.09.30"]
[SourceQuality "1"]

1. d4 Nf6 2. c4 g6 3. Nc3 Bg7 4. e4 d6 5. Be2 0-0 6. Nf3 e5 7. Be3 Nc6 8. d5 Ne7 9. Nd2 Ne8 10. c5 f5 11. f3 f4 12. Bf2 g5 13. Nc4 Ng6 14. Qb3 Nh4 15. Rg1 g4 16. 0-0-0 h5 17. Kb1 Rf7 18. Rc1 Ng6 19. Nb5 dxc5 20. Bxc5 a6 21. Nc3 Bf8 22. Bxf8 Kxf8 23. Rc2 Nd6 24. Na5 c5 25. Nc4 b5 26. Nxd6 Qxd6 27. a3 Bd7 28. Na2 Rb8 29. Rgc1 Rc8 30. Qc3 Nh4 31. Bd1 Rg7 32. Qe1 gxf3 33. Bxf3 Nxf3 34. gxf3 Qe7 35. Nb4 a5 36. Nc6 Bxc6 37. Rxc5 Rg2 38. dxc6 Rxh2 39. Qxa5 Rf2 40. Qxb5 Rxf3 41. Rxe5 Qh7 42. Qc5+ Kg8 43. Rg5+ 1-0

[Event "Wroclaw op"]
[Site "Wroclaw"]
[Date "2020.08.03"]
[Round "4"]
[White "Kowalczyk, Wojciech"]
[Black "Wong, Gengchun"]
[Result "1/2-1/2"]
[WhiteElo "1873"]
[BlackElo "2190"]
[PlyCount "70"]
[EventDate "2020.08.01"]
[EventType "swiss"]
[EventRounds "9"]
[EventCountry "POL"]
[SourceTitle "CBM 197 Extra"]
[Source "ChessBase"]
[SourceDate "2020.09.30"]
[SourceVersion "1"]
[SourceVersionDate "2020.09.30"]
[SourceQuality "1"]

1. e4 c5 2. Nc3 Nc6 3. Bb5 Nd4 4. Nf3 Nxb5 5. Nxb5 d6 6. d4 cxd4 7. Qxd4 a6 8. Nc3 Bg4 9. Nd2 Nf6 10. Nc4 b5 11. Nb6 e5 12. Qe3 Rb8 13. Nbd5 Nxd5 14. Nxd5 Be6 15. Qd3 Qc8 16. Bd2 Qc4 17. Qxc4 bxc4 18. Nc7+ Kd7 19. Nxa6 Rxb2 20. Nb4 d5 21. exd5 Bxb4 22. dxe6+ Kxe6 23. Bxb4 Rxb4 24. Kd2 Ra8 25. Kc3 Rba4 26. a3 R8a7 27. Rhb1 e4 28. Rb4 Rxa3+ 29. Rxa3 Rxa3+ 30. Kxc4 e3 31. fxe3 Rxe3 32. Rb6+ Kf5 33. Rb5+ Kf6 34. Rb6+ Kf5 35. Rb5+ Kf6 1/2-1/2